000 00667nam a2200265Ia 4500
005 20260121165416.0
008 008 260114s9999 xx 000 0 eng d
020 _a9783658131340
037 _aEBOOK
040 _aCRL
040 _beng
040 _cCRL
041 _2eng
041 _aeng
084 _qCRL
100 _aIsabell Koinig
_91051352
245 0 _aPharmaceutical Advertising as a Source of Consumer Self-Empowerment
260 _bSpringer
260 _bSpringer
260 _c2016
856 _uhttps://link.springer.com/openurl?genre=book&isbn=978-3-658-13134-0
942 _cEBOOK
999 _c1617077
_d1617077